00780nam a22001937a 450000500170000000800400001702000150005705000210007210000310009324500740012425000120019826000340021030000250024465000270026994200130029699900170030995201340032695201260046020150124131350.0140627t19642013mx||||g |||| 00| 0 spa d a968432058204aBL780 bG37 19861 aGaribay K., Angel María 10aMitología Griega : bdioses y héroes / cAngel María Garibay K. a10a ed. aMéxico : bPorrúa, c1986 axv, 260 p. ;c21 cm. 72LembaMitologia Griega 2lcccLIB c75182d75182 102lcc4070aLIC-047bLIC-047cGENERALd2014-07-15f1a. ed.kCSoBL780 G37 1986pBFP000009943r2015-01-16 00:00:00t1v1.00yLIB 102lcc4070aBACH-003bBACH-003cGENERALd2015-06-10kEHoBL780 G37 1975pBPCS000001917r2015-06-10 00:00:00tC : 1yLIB